000 00714nam a22001937a 4500
999 _c166657
_d166657
010 _aENG-126115
020 _a978-93-86714-70-1
_c995.00
035 _aEN-109647
037 _bDBAD/PUB
082 _a610.954
100 _aPalit,Chittabrata
245 _aMedical History Of India:
_cedited byChittabrata Palit [and]Aparajita Dhar
_bDiscipline, Disease, Death/
260 _aNew Delhi
_bKunal Books
_c2019
270 _a4648/21, 1st Floor, Ansari Road, Daryaganj,
_bNew Delhi
_e110002
_k9811043697
_mkunalbooks@gmail.com
300 _aix,381p.
_b23cm(hb)
500 _aIt includes Index and bibliography.
700 _aChittabrata Palit [and] Aparajita Dhar
942 _2ddc
_cEN
_h610.954
_mPAL